Escudos de la Premier League con Rojo - Estadísticas

Estadísticas generales
  • Esta prueba ha sido intentada 34 veces
  • La puntuación promedio es 9 de 12
Estadísticas de respuestas
Equipo % Correcto
Manchester United
100%
Liverpool
97%
Arsenal
94%
Nottingham Forest
79%
Brentford
76%
Manchester City
67%
Bournemouth
64%
Chelsea
64%
Fullham
61%
Sunderland
61%
Crystal Palace
58%
Newcastle
58%
No se encontraron pruebas coincidentes
Distribución de puntuación
Porcentaje de gente con cada puntuación
Porcentaje por número respondido
Historial de tus puntuaciones
No has intentado esta prueba.